000 00776cab a2200217 4500
001 ABS52578
008 090401t1995 xxu||||| |||| 00| 0 eng d
035 _a(Sirsi) u85249
041 _aeng
245 _aMoscow office report
260 _c1995
350 _a0
490 _aEstates News
_v3(43) March/April 1995, 36(1)
520 _aReviews the rapidly growing market for offices in Moscow, with comment on demand, rents, favoured locations and the impact of Western investment. Diagram of finished space by city sector.
650 _aPROPERTY-COMMERCIAL PROPERTY-OFFICE PROPERTY-OFFICE PROPERTY MARKET
650 _aRUSSIA
690 _aPROPERTY-COMMERCIAL PROPERTY-COMMERCIAL PROPERTY MARKET
690 _aOVERSEAS-EUROPE
942 _n0
948 _c04/03/1997
999 _c53589
_d53589